Vista normal
Vista MARC
Entrada Materia (geográfica)
Número de registros utilizados en: 2
001 - CONTROL NUMBER
- control field: 105128
003 - CONTROL NUMBER IDENTIFIER
- control field: Co-BoUCM
005 - DATE AND TIME OF LATEST TRANSACTION
- control field: 20210901055433.0
008 - FIXED-LENGTH DATA ELEMENTS
- fixed length control field: 210901|| aca||aabn | a|a d
040 ## - CATALOGING SOURCE
- Original cataloging agency: Co-BoUCM
- Transcribing agency: Co-BoUCM
151 ## - HEADING--GEOGRAPHIC NAME
- Geographic name: Roma (Italia)
- General subdivision: Descripciones y viajes
670 ## - SOURCE DATA FOUND
- Source citation: Work cat.: (Co-BoUCM)32363: Patris, René 105127, Voice Rome, [fecha desconocida]